Normal view
MARC view
- Kramer, Edna E
Entry Personal Name
001 - CONTROL NUMBER
- control field: 134215
003 - CONTROL NUMBER IDENTIFIER
- control field: NUST
005 - DATE AND TIME OF LATEST TRANSACTION
- control field: 20260420124428.0
008 - FIXED-LENGTH DATA ELEMENTS
- fixed length control field: 260420|| aca||aabn | a|a d
040 ## - CATALOGING SOURCE
- Original cataloging agency: NUST
- Transcribing agency: NUST
100 ## - HEADING--PERSONAL NAME
- Personal name: Kramer, Edna E
670 ## - SOURCE DATA FOUND
- Source citation: Work cat.: (NUST): Kramer, Edna E., The Nature and Growth of Modern Mathematics /, 1970.
